000 01353nam a2200253Ia 4500
999 _c43245
_d43245
001 9972
003 GE_BSU
005 20200129114314.0
008 181216s2006||||ge |||||||||||||| ||geo||
020 _a999288482
040 _cGE_BSU
041 _ageo
080 _a338.22(075.8) ქ-40
100 _aქემფბელი, დევიდ
_96486
245 _aბიზნესი არაბიზნესის სპეციალობის სტუდენტებისათვის=Business for Non-Business Students /
_cდევიდ ქემფბელი ; ინლისურიდან თარგმნა გ. ჩიხლაძემ ; [რედ.: ოლეგ შატბერაშვილი, თინათინ ქევანიშვილი].
264 _aთბილისი :
_bსაქ. სავაჭრო სამრეწვ. პალატა,
_c2006.
300 _a355 გვ;
_bცხრ.;
_c27 სმ.
653 _aბიზნესი
653 _aსახელმძღვანელო
700 _aჩიხლაძე, გ.
_eმთარგმნელი
_91385
700 _aშატბერაშვილი, ოლეგ
_96487
700 _aქევანიშვილი, თინათინ
_eრედაქტორი
_96488
942 _cBK
_2udc